Scientific film review (Record no. 3627)

000 -LEADER
fixed length control field 00439nam a22001457a 4500
008 - FIXED-LENGTH DATA ELEMENTS--GENERAL INFORMATION
fixed length control field 200623b ||||| |||| 00| 0 eng d
082 00 - DEWEY DECIMAL CLASSIFICATION NUMBER
Classification number 770
Item number H8931
110 ## - MAIN ENTRY--CORPORATE NAME
9 (RLIN) 2990
Corporate name or jurisdiction name as entry element Scientific Film Association, London
245 10 - TITLE STATEMENT
Title Scientific film review
260 ## - PUBLICATION, DISTRIBUTION, ETC. (IMPRINT)
Place of publication, distribution, etc London
Name of publisher, distributor, etc Scientific Film Association, London
Date of publication, distribution, etc 1956
300 ## - PHYSICAL DESCRIPTION
Extent 114p.
365 ## - TRADE PRICE
Unit of pricing 3.00
650 #0 - SUBJECT ADDED ENTRY--TOPICAL TERM
Topical term or geographic name as entry element Motion pictures in science
942 ## - ADDED ENTRY ELEMENTS (KOHA)
Item type Books
Holdings
Withdrawn status Lost status Source of classification or shelving scheme Damaged status Not for loan Permanent location Current location Date acquired Full call number Barcode Date last seen Koha item type
          IMU Kolkata IMU Kolkata 1960-01-09 770 H8931 02514 2020-06-23 Books
Designed and Maintained by IMU-KC Library, Kolkata Campus © Copyright All Rights Reserved

webs counters

Powered by Koha